Cadaveres exquisitos / (Registro nro. 2567)

Detalles MARC
000 -LEADER
fixed length control field 01241nam a2200313 4500
001 - CONTROL NUMBER
control field 0000031066
003 - CONTROL NUMBER IDENTIFIER
control field CO-CtgCURN
005 - DATE AND TIME OF LATEST TRANSACTION
control field 20250329164847.0
007 - PHYSICAL DESCRIPTION FIXED FIELD--GENERAL INFORMATION
fixed length control field ta
008 - FIXED-LENGTH DATA ELEMENTS--GENERAL INFORMATION
fixed length control field 160708s2003 000 0 eng d
040 ## - CATALOGING SOURCE
Original cataloging agency CO-CtgCURN
Language of cataloging spa
Transcribing agency coctgcurn
082 0# - DEWEY DECIMAL CLASSIFICATION NUMBER
Classification number Co863
Item number F395c
100 1# - MAIN ENTRY--PERSONAL NAME
Personal name Ferro Rojas, Gerardo.
245 10 - TITLE STATEMENT
Title Cadaveres exquisitos /
Statement of responsibility, etc. Gerardo Ferro Rojas.
260 ## - PUBLICATION, DISTRIBUTION, ETC.
Place of publication, distribution, etc. Cartagena de Indias :
Name of publisher, distributor, etc. Instituto de Patrimonio y Cultura de Cartagena,
Date of publication, distribution, etc. 2003.
300 ## - PHYSICAL DESCRIPTION
Extent 91 p.
336 ## - CONTENT TYPE
Source rdacontent
337 ## - MEDIA TYPE
Source rdamedia
Media type term sin mediacion
Media type code n
338 ## - CARRIER TYPE
Source rdacarrier
Carrier type term volumen
Carrier type code nc
500 ## - GENERAL NOTE
General note Obra ganadora en el genero de cuento de la Tercera Convocatoria de Premios y Becas Distritales a la Creacion e Investigación Artistica y Cultural del IPCC.
505 8# - FORMATTED CONTENTS NOTE
Formatted contents note 505Cadaveres exquisitos.--Dolor de muela.--Las pelotas de chejov.--Mirando la pared en blanco de espaldas al mundo.--La comunidad del autobus
650 14 - SUBJECT ADDED ENTRY--TOPICAL TERM
Topical term or geographic name entry element Cuentos colombianos.
650 14 - SUBJECT ADDED ENTRY--TOPICAL TERM
Topical term or geographic name entry element Cuentos fantasticos colombianos.
730 0# - ADDED ENTRY--UNIFORM TITLE
Uniform title Bolivar-Bibliografia regional.
908 ## - PUT COMMAND PARAMETER (RLIN)
Put command parameter 160708
942 ## - ADDED ENTRY ELEMENTS (KOHA)
Koha item type Libros
Classification part Co863
Item part F395c
Source of classification or shelving scheme Dewey Decimal Classification
Existencias
Withdrawn status Lost status Source of classification or shelving scheme Damaged status Not for loan Collection Home library Current library Shelving location Date acquired Inventory number Total checkouts Full call number Barcode Date last seen Copy number Price effective from Koha item type Public note
    Dewey Decimal Classification     General Miguel Henríquez Castañeda Miguel Henríquez Castañeda General 03/29/2025 012392   863 F395c 012391 03/29/2025 ej.1 03/29/2025 Libros 860-LITEP
    Dewey Decimal Classification     General Miguel Henríquez Castañeda Miguel Henríquez Castañeda General 03/29/2025 012392   863 F395c 012392 03/29/2025 ej.2 03/29/2025 Libros 860-LITEP